000 00767nam a2200217 a 4500
001 BRCA_5802
005 20190320205223.0
008 100311t1895----mx-a######---o011-0#spa-#
041 _aspa
044 _amx
050 4 _aHJ15
_b.M46
_c1895
245 1 0 _aMemoria de Hacienda y Crédito Público.
_cSecretaría de Hacienda y Crédito Público.
260 _aMéxico
_bTipografía de la Oficina Impresora de Estampillas
_c1895
300 _a640 p.
_bils.
_c32 cm.
500 _aTablas, gráficas, índice de la Parte expositiva.
500 _aH90
650 1 4 _aFinanzas públicas
_zMéxico
_914704
710 2 _aSecretaría de Hacienda y Crédito Público.
_tMemorias de la Secretaría de Hacienda y Crédito Público.
_f1895
_914705
902 _aGFM
942 _2lcc
_cB
999 _c5491
_d5491